Library Logo

Pioneer International University Library Catalogue

The big payoff / (Record no. 9245)

MARC details
000 -LEADER
fixed length control field 00640cam a2200229 i 4500
001 - CONTROL NUMBER
control field 799882
003 - CONTROL NUMBER IDENTIFIER
control field OSt
005 - DATE AND TIME OF LATEST TRANSACTION
control field 20250901165803.0
008 - FIXED-LENGTH DATA ELEMENTS--GENERAL INFORMATION
fixed length control field 750620t19761975mau 000 1 eng
010 ## - LIBRARY OF CONGRESS CONTROL NUMBER
LC control number 75020165
020 ## - INTERNATIONAL STANDARD BOOK NUMBER
International Standard Book Number 0395219000
040 ## - CATALOGING SOURCE
Original cataloging agency DLC
Transcribing agency DLC
Modifying agency DLC
-- OCoLC
050 00 - LIBRARY OF CONGRESS CALL NUMBER
Classification number PZ 4 .L415 Bi 1975
Item number Bi
Classification number PS3562.A86
082 00 - DEWEY DECIMAL CLASSIFICATION NUMBER
Classification number 813/.5/4
100 1# - MAIN ENTRY--PERSONAL NAME
Personal name Law, Janice.
245 14 - TITLE STATEMENT
Title The big payoff /
Statement of responsibility, etc. Janice Law.
260 ## - PUBLICATION, DISTRIBUTION, ETC.
Place of publication, distribution, etc. Boston :
Name of publisher, distributor, etc. Houghton Mifflin,
Date of publication, distribution, etc. 1976, c1975.
300 ## - PHYSICAL DESCRIPTION
Extent 179 p. ;
Dimensions 22 cm.
655 #7 - INDEX TERM--GENRE/FORM
Genre/form data or focus term Detective and mystery stories.
Source of term gsafd
906 ## - LOCAL DATA ELEMENT F, LDF (RLIN)
a 7
b cbc
c orignew
d 1
e ocip
f 19
g y-gencatlg
942 ## - ADDED ENTRY ELEMENTS (KOHA)
Source of classification or shelving scheme Library of Congress Classification
Koha item type Books
Holdings
Withdrawn status Lost status Source of classification or shelving scheme Damaged status Not for loan Home library Current library Shelving location Date acquired Total checkouts Full call number Barcode Date last seen Price effective from Koha item type
    Library of Congress Classification     Main Library Main Library   03/10/2025   PZ 4 .L415 Bi 1975 PIU0006747 03/10/2025 03/10/2025 Books